000 00479nam a22001937a 4500
003 MPLRDC
005 20220104192451.0
008 210129b ||||| |||| 00| 0 eng d
020 _a978-986-6158-74-2
082 _a120.7 YZT
100 _a易中天
245 _a易中天教你读经典
_c
250 _a初版
260 _a台湾
_b野人文化股份有限公司
_c2012
300 _b
490 _a电墨斋: 7
650 _a中国哲学
942 _cBK
_o120.7 YZT
999 _c64732
_d64722